000 00449nam a2200157Ia 4500
008 151021s9999 xx 000 0 und d
020 _a157517846
050 _aLB 1731.4 .M4656 2002
245 _a_Mentoring Guidebook Starting the journey
260 _aU.S.A Pearson 2002
300 _axi,349p,;Ill
500 _aIncludes Index
500 _aIncludes Index
650 _a_Defining The Relationship
980 _a^d20120827 01:45:35^okorir
999 _c12515
_d12515